000 00616nam a2200229Ia 4500
005 20250508164725.0
008 008 250505s9999 xx 000 0 eng d
020 _a0-335-19974-7
037 _aTextual
040 _aFEDL
_beng
_cFEDL
041 _aeng
_2eng
084 _a305, BYR
_qFEDL
100 _aByrne David
245 0 _aSocial exclusion
260 _aBuckingham, UK
_bOpen University Press
_c1999
300 _axi, 158p.
365 _aGBP
_b14.99
490 _aIssues in society
650 _aSocial status; Society
_9776189
942 _cTEXL
_h305, BYR
999 _c1390772
_d1390772